000
00290nam a22001337a 4500
008
181022b xxu||||| |||| 00| 0 eng d
020
_a
9780521886925
041
_a
eng
080
_a
616.8
100
_a
6
101
_a
KAN
245
_a
Pancreatic Cancer
_c
Heinken.J.P
942
_2
udc
_c
BK
999
_c
50368
_d
50368